00318nam a22001217a 4500020001500000082001500015100002100030245008100051260003000132300001100162563000800173650001500181 a0951321110 a281.4bROS aRosmini, Antonio aConscience /cAntonio Rosmini, translated by Denis Cleary and Terence Watson aUK:bRosmini House,c1989 a438 p. aPBK aConscience